00540nam a2200133Ia 4500008004100000100002200041245010700063260002900170300001800199650001500217856008200232999001900314952007300333160712s9999 xx 000 0 und d aArriola, Joyce L. cJoyce L. ArriolaaKorido-Komiks into Film: Sourcing, Adapting, and Recycling the Bernardo Carpio Story c2014bHumanities Diliman avol. 11 no. 1 xHUMANITIES uhttp://journals.upd.edu.ph/index.php/humanitiesdiliman/issue/view/445/showToc c297171d297171 001040aCLbCLd2016-07-12l0r2016-07-12 00:00:00w2016-07-12yFEJ